MARC details
| 000 -LEADER |
| fixed length control field |
01012nam a22002537a 4500 |
| 003 - CONTROL NUMBER IDENTIFIER |
| control field |
OSt |
| 005 - DATE AND TIME OF LATEST TRANSACTION |
| control field |
20250515082108.0 |
| 008 - FIXED-LENGTH DATA ELEMENTS--GENERAL INFORMATION |
| fixed length control field |
241112b |||||||| |||| 00| 0 eng d |
| 040 ## - CATALOGING SOURCE |
| Transcribing agency |
0 |
| 082 ## - DEWEY DECIMAL CLASSIFICATION NUMBER |
| Classification number |
DPer 647.94068 In821 August-October 2019 |
| 100 ## - MAIN ENTRY--PERSONAL NAME |
| Personal name |
Hernández-Perlines, Felipe. |
| Relator term |
author. |
| 9 (RLIN) |
66775 |
| 245 ## - TITLE STATEMENT |
| Title |
Innovative capacity, quality certification and performance in the hotel / |
| Statement of responsibility, etc. |
Felipe Hernandez-Perlines, Antonio Ariza-Montes, Heesup Han, Rob Law. |
| 260 ## - PUBLICATION, DISTRIBUTION, ETC. (IMPRINT) |
| Place of publication, distribution, etc. |
Amsterdam ; |
| Name of publisher, distributor, etc. |
Elsevier, |
| Date of publication, distribution, etc. |
September 2019. |
| 300 ## - PHYSICAL DESCRIPTION |
| Extent |
Volume 66, pages 220-230, |
| Other physical details |
illustration. |
| 500 ## - GENERAL NOTE |
| General note |
International Journal of Hospitality Management, v. 81, pages 220-230, August 2019. |
| 650 #0 - SUBJECT ADDED ENTRY--TOPICAL TERM |
| Topical term or geographic name as entry element |
Hotel sector. |
| 9 (RLIN) |
66642 |
| 650 #0 - SUBJECT ADDED ENTRY--TOPICAL TERM |
| Topical term or geographic name as entry element |
Innovation capacity. |
| 9 (RLIN) |
66643 |
| 650 #0 - SUBJECT ADDED ENTRY--TOPICAL TERM |
| Topical term or geographic name as entry element |
Moderation. |
| 9 (RLIN) |
66644 |
| 700 ## - ADDED ENTRY--PERSONAL NAME |
| Personal name |
Hernández-Perlines, Felipe. |
| Relator term |
author. |
| 9 (RLIN) |
66781 |
| 700 ## - ADDED ENTRY--PERSONAL NAME |
| Personal name |
Ariza-Montes, Antonio. |
| Relator term |
author. |
| 9 (RLIN) |
66782 |
| 700 ## - ADDED ENTRY--PERSONAL NAME |
| Personal name |
Han, Heesup. |
| Relator term |
author. |
| 9 (RLIN) |
66783 |
| 700 ## - ADDED ENTRY--PERSONAL NAME |
| Personal name |
Law, Rob. |
| Relator term |
author. |
| 9 (RLIN) |
66784 |
| 942 ## - ADDED ENTRY ELEMENTS (KOHA) |
| Source of classification or shelving scheme |
Dewey Decimal Classification |
| Koha item type |
Periodicals |